00349 2200145 4500001002100000005001500021035002000036245004900056100001900105250000600124260003900130082000800169084001400177990001200191INLIS00000000000245520250604104049 a0010-06250000411 aHimpunan 50 Khotbah Jum'at /cAchmad Sunarto0 aAchmad Sunarto a1 aSurabaya :bAmanah Surabaya,c2007 a200 a200 ACH h a0712293